Němčina pro jazykové školy 3 /

Na minha lista:
Detalhes bibliográficos
Autor principal: Vaverková, Irena (xxx)
Formato: Livro
Idioma:tcheco
Publicado em: Praha : Státní pedagogické nakladatelství, 1978
Edição:5.vyd.
Assuntos:
Tags: Adicionar Tag
Sem tags, seja o primeiro a adicionar uma tag!

MARC

LEADER 00000nam a22000003a 4500
001 stu39754
005 20150617225726.2
008 930304s1978----cs------------------cze-d
040 |a STU  |b slo 
041 0 |a cze 
044 |a cs 
080 |a 803.0(075) 
100 1 |a Vaverková, Irena  |4 xxx 
245 1 |a Němčina pro jazykové školy 3 /  |c Irena Vaverková a kol 
250 |a 5.vyd. 
260 |a Praha :  |b Státní pedagogické nakladatelství,  |c 1978 
300 |a 374 s 
650 7 |a nemčina  |2 stusub 
996 |b 284M035827  |c M*2321/3-1  |l MMKN  |s A  |a 24  |w stu39754_0001 
996 |b 284M035826  |c M*2321/3-2  |l MMKN  |s A  |a 24  |w stu39754_0002 
996 |b 284M035828  |c M*2321/3-3  |l MMKN  |s A  |a 24  |w stu39754_0003